000 00397nam a2200133Ia 4500
003 GCL
008 140319s9999 xx 000 0 ara d
040 _aGCL /
_cGCL
082 0 4 _a414
_bش ف
245 1 0 _aفى المفهوم البلاغى قراءة نقدية: الجاحظ ومرحلة التأسيس
260 _a[S.N] :
_bدار شمس الزهرة ،
_c1993
300 _a165 ص
490 _a
999 _c35512
_d35512